|
|
|
|
| LEADER |
01922nam a22003017a 4500 |
| 001 |
31629 |
| 003 |
BD-DhAAL |
| 005 |
20220615143812.0 |
| 008 |
170312s2016 bg ||||| b||| 00| 0 eng d |
| 999 |
|
|
|c 37978
|d 37978
|
| 020 |
|
|
|a 9789849242765
|
| 040 |
|
|
|a BD-DhAAL
|c BD-DhAAL
|
| 082 |
|
|
|2 23
|a 378.02095492
|
| 100 |
|
|
|a Siddiqi, Hafiz G. A.
|9 21077
|
| 245 |
|
|
|a Private universities in Bangladesh :
|b the dynamics of higher education /
|c Hafiz G. A. Siddiqi
|
| 260 |
|
|
|a Dhaka :
|b Academic press and publishers library,
|c 2016
|
| 300 |
|
|
|a xiv, 272 pages :
|b illustrations ;
|c 22 cm.
|
| 526 |
|
|
|a AAL, Donated By Akbar Ali Khan
|
| 541 |
|
|
|e 31629, 31630, 31631, 31632, 38856
|
| 650 |
|
|
|a Universities
|x Administration.
|z Bangladesh
|9 21078
|
| 650 |
|
|
|a Higher education and state
|z Bangladesh
|9 21079
|
| 852 |
|
|
|a Ayesha Abed Library
|c General Stacks
|
| 942 |
|
|
|2 ddc
|c BK
|
| 952 |
|
|
|0 0
|1 0
|2 ddc
|4 0
|6 378_020954920000000_SID
|7 0
|9 60081
|a BRACUL
|b BRACUL
|c GEN
|d 2017-03-12
|e Complimentary copy from Hafiz G. A. Siddiqi
|l 3
|m 4
|o 378.02095492 SID
|p 3010031629
|r 2018-07-31
|s 2018-06-12
|t 1
|w 2017-03-12
|y BK
|
| 952 |
|
|
|0 0
|1 0
|2 ddc
|4 0
|6 378_020954920000000_SID
|7 0
|9 60082
|a BRACUL
|b BRACUL
|c GEN
|d 2017-03-12
|e Complimentary copy from Hafiz G. A. Siddiqi
|l 0
|o 378.02095492 SID
|p 3010031630
|r 2017-03-12
|t 2
|w 2017-03-12
|y BK
|
| 952 |
|
|
|0 0
|1 0
|2 ddc
|4 0
|6 378_020954920000000_SID
|7 0
|9 60083
|a BRACUL
|b BRACUL
|c GEN
|d 2017-03-12
|e Complimentary copy from Hafiz G. A. Siddiqi
|l 1
|o 378.02095492 SID
|p 3010031631
|r 2017-11-01
|s 2017-10-19
|t 3
|w 2017-03-12
|y BK
|
| 952 |
|
|
|0 0
|1 0
|2 ddc
|4 0
|6 378_020954920000000_SID
|7 0
|9 60084
|a BRACUL
|b BRACUL
|c GEN
|d 2017-03-12
|e Complimentary copy from Hafiz G. A. Siddiqi
|l 0
|o 378.02095492 SID
|p 3010031632
|r 2017-03-12
|t 4
|w 2017-03-12
|y BK
|
| 952 |
|
|
|0 0
|1 0
|2 ddc
|4 0
|6 378_020954920000000_SID
|7 1
|9 70936
|a BRACUL
|b BRACUL
|c AAKC
|d 2022-06-15
|e Donated by Akbar Ali Khan
|l 0
|o 378.02095492 SID
|p 3010038856
|r 2022-06-15
|t 5
|w 2022-06-15
|y BK
|